| 000 | 00000nam 2200000zi 4500 |
| 001 | 9.871468 |
| 003 | CaOODSP |
| 005 | 20251031142448 |
| 006 | m o d f |
| 007 | cr cn||||||||| |
| 008 | 190411t20182018oncab ob f000 0 eng d |
| 040 | |aCaOODSP|beng|erda|cCaOODSP |
| 043 | |an-cn-bc|an-cn-yk |
| 086 | 1 |aM183-2/8485E-PDF |
| 100 | 1 |aZagorevski, A. |q(Alexandre), |d1978- |eauthor. |
| 245 | 10|aStikinia bedrock, British Columbia and Yukon : |bGEM-2 Cordillera project, report of activities 2018 / |cA. Zagorevski, R. Soucy La Roche, M. Golding, N. Joyce, D. Regis, and M. Coleman. |
| 264 | 1|a[Ottawa] : |bGeological Survey of Canada, |c2018. |
| 264 | 4|c©2018 |
| 300 | |a1 online resource (12 pages) : |bcolour illustrations, colour maps. |
| 336 | |atext|btxt|2rdacontent |
| 337 | |acomputer|bc|2rdamedia |
| 338 | |aonline resource|bcr|2rdacarrier |
| 490 | 1 |aOpen file ; |v8485 |
| 504 | |aIncludes bibliographical references. |
| 653 | 10|aGeological mapping |
| 653 | 10|aShields (Geology) |
| 692 | 07|2gccst|aStratigraphy |
| 692 | 07|2gccst|aStructural geology |
| 700 | 1 |aSoucy La Roche, Renaud, |eauthor. |
| 700 | 1 |aGolding, M. L., |eauthor. |
| 700 | 1 |aJoyce, N. L. |q(Nancy L.)|eauthor. |
| 700 | 1 |aRegis, Daniele, |eauthor. |
| 700 | 1 |aColeman, Mark, |eauthor. |
| 710 | 1 |aCanada. |bNatural Resources Canada. |
| 710 | 2 |aGeological Survey of Canada. |
| 830 | #0|aOpen file (Geological Survey of Canada)|v8485.|w(CaOODSP)9.506878 |
| 856 | 40|qPDF|s3.28 MB|uhttps://publications.gc.ca/collections/collection_2019/rncan-nrcan/m183-2/M183-2-8485-eng.pdf |
| 986 | |a311325 |